<?xml version="1.0" encoding="UTF-8"?>
<collection xmlns="http://www.loc.gov/MARC21/slim">
<record>
  <controlfield tag="001">117867</controlfield>
  <controlfield tag="005">20220725102150.0</controlfield>
  <datafield tag="037" ind1=" " ind2=" ">
    <subfield code="a">TAZ-TFG-2022-997</subfield>
  </datafield>
  <datafield tag="041" ind1=" " ind2=" ">
    <subfield code="a">spa</subfield>
  </datafield>
  <datafield tag="100" ind1="1" ind2=" ">
    <subfield code="a">Bericat Idoipe, Irene</subfield>
  </datafield>
  <datafield tag="242" ind1="0" ind2="0">
    <subfield code="a">The use of horticulture as a therapeutic means in a case study of a person with bipolar disorder</subfield>
  </datafield>
  <datafield tag="245" ind1="0" ind2="0">
    <subfield code="a">El uso de la horticultura como medio terapéutico en el estudio de caso de una persona con trastorno bipolar</subfield>
  </datafield>
  <datafield tag="260" ind1=" " ind2=" ">
    <subfield code="a">Zaragoza</subfield>
    <subfield code="b">Universidad de Zaragoza</subfield>
    <subfield code="c">2022</subfield>
  </datafield>
  <datafield tag="506" ind1=" " ind2=" ">
    <subfield code="a">by-nc-sa</subfield>
    <subfield code="b">Creative Commons</subfield>
    <subfield code="c">3.0</subfield>
    <subfield code="u">http://creativecommons.org/licenses/by-nc-sa/3.0/</subfield>
  </datafield>
  <datafield tag="520" ind1=" " ind2=" ">
    <subfield code="a">Según la Organización Mundial de la Salud (OMS) el Trastorno Bipolar (TB) es un trastorno mental grave que hoy en día afecta a más de 45 millones de&lt;br />personas por todo el mundo. El TB tiene diferentes manifestaciones clínicas afectando a la funcionalidad y autonomía de las personas que lo sufren. Es por eso, que en el tratamiento de la enfermedad aparece la figura del terapeuta ocupacional cuyos objetivos son favorecer la adquisición de destrezas necesarias para el desempeño de las AVDs, establecimiento de rutinas, y conseguir la máxima autonomía posible. Uno de los tratamientos&lt;br />empleados es el uso de la horticultura terapéutica, en la cuál se centra este trabajo.&lt;br />Con este estudio se pretende conocer los efectos de la horticultura terapéutica en una persona con TB a nivel de autonomía personal, relaciones&lt;br />interpersonales y estado psicológico de una usuaria del Centro de Día Romareda, la cual lleva varios años acudiendo a huerto urbano, siendo una&lt;br />de las responsables de dirigirlo.&lt;br />Para ello nos basamos en el MOHO y en la aplicación de una serie de instrumentos de valoración que nos permiten obtener resultados acerca de la&lt;br />utilización de la horticultura terapéutica, extrayendo resultados positivos en cuanto a compromiso y motivación, adquisición de nuevos roles, lo que&lt;br />aumenta su satisfacción y el desarrollo de habilidades sociales.&lt;br />Se puede corroborar que la horticultura es beneficiosa para el tratamiento de este caso de TB, ya que permite establecer una rutina, una mayor&lt;br />socialización y mayor compromiso con la actividad.&lt;br />Palabras clave: "terapia ocupacional", "trastorno bipolar"," horticultura terapéutica".&lt;br />&lt;br /></subfield>
  </datafield>
  <datafield tag="521" ind1=" " ind2=" ">
    <subfield code="a">Graduado en Terapia Ocupacional</subfield>
  </datafield>
  <datafield tag="540" ind1=" " ind2=" ">
    <subfield code="a">Derechos regulados por licencia Creative Commons</subfield>
  </datafield>
  <datafield tag="700" ind1=" " ind2=" ">
    <subfield code="a">Ruiz Garros, María Cristina</subfield>
    <subfield code="e">dir.</subfield>
  </datafield>
  <datafield tag="710" ind1="2" ind2=" ">
    <subfield code="a">Universidad de Zaragoza</subfield>
    <subfield code="b">Fisiatría y Enfermería</subfield>
    <subfield code="c">Enfermería</subfield>
  </datafield>
  <datafield tag="856" ind1="0" ind2=" ">
    <subfield code="f">778174@unizar.es</subfield>
  </datafield>
  <datafield tag="856" ind1="4" ind2=" ">
    <subfield code="s">531783</subfield>
    <subfield code="u">http://zaguan.unizar.es/record/117867/files/TAZ-TFG-2022-997.pdf</subfield>
    <subfield code="y">Memoria (spa)</subfield>
  </datafield>
  <datafield tag="909" ind1="C" ind2="O">
    <subfield code="o">oai:zaguan.unizar.es:117867</subfield>
    <subfield code="p">driver</subfield>
    <subfield code="p">trabajos-fin-grado</subfield>
  </datafield>
  <datafield tag="950" ind1=" " ind2=" ">
    <subfield code="a"></subfield>
  </datafield>
  <datafield tag="980" ind1=" " ind2=" ">
    <subfield code="a">TAZ</subfield>
    <subfield code="b">TFG</subfield>
    <subfield code="c">EUCS</subfield>
  </datafield>
  <datafield tag="999" ind1=" " ind2=" ">
    <subfield code="a">20220531154911.CREATION_DATE</subfield>
  </datafield>
  <datafield tag="951" ind1=" " ind2=" ">
    <subfield code="a">deposita:2022-07-25</subfield>
  </datafield>
</record>
</collection>